000
00243 a2200085 4500
020
_a
978938686827
100
_a
Tracy B.
245
_a
वेळ सांभाळा आयुष्य सावरेल
260
_b
Jaico Publishing House
_c
2018
999
_c
357243
_d
357243